Music Quiz

Random Music or Artist Quiz
Score 0/24 Timer 05:00
0 Plays Today
Song (Artist) Missing Word % Correct
No ____ Sad Songs
(Little Mix)
More
86.6%
______ Me Softly with His Song
(Roberta Flack)
Killing
85%
It's the Same ___ Song
(Four Tops)
Old
83.3%
____ Song
(Elton John)
Your
78%
Same Old Song and _____
(Aerosmith)
Dance
76.4%
____ Is My Song
(Petula Clark)
This
63.7%
I _____ the Songs
(Barry Manilow)
Write
62.3%
____ Song
(Sara Bareilles)
Love
61.6%
Song Sung ____
(Neil Diamond)
Blue
57.8%
(This Song's ____) Six Words Long
(Weird Al Yankovic)
Just
56.8%
The 59th _____ Bridge Song
(Simon and Garfunkel)
Street
55.8%
________ Song
(Led Zeppelin)
Immigrant
44.9%
Song (Artist) Missing Word % Correct
The ________ Song
(Nat King Cole)
Christmas
41.1%
_____ Song
(Michael Jackson)
Earth
38.7%
____ Song
(Rachel Platten)
Fight
34.4%
__________ Song
(Bob Marley and the Wailers)
Redemption
27.7%
______: The Sweater Song
(Weezer)
Undone
25.3%
The _____ Song
(Red Hot Chili Peppers)
Zephyr
19.1%
Only a ________ Song
(The Beatles)
Northern
16.2%
________ Song
(John Mellencamp)
Authority
16.2%
________ Song
(Kelly Clarkson)
Heartbeat
13.4%
____ Song (That's Why I Love Mankind)
(Randy Newman)
God's
11.5%
The _______ Song
(Queen)
Prophet's
8.4%
The ______ Song
(The Cure)
Violin
3.3%
Remove Ads.
Support Sporcle.
Get the best of Sporcle when you Go Orange. This ad-free experience offers more features, more stats, and more fun while also helping to support Sporcle. Thank you for becoming a member.

You're not logged in!

Compare scores with friends on all Sporcle quizzes.
OR
Log In

Sporcle TV

Today on Sporcle TV


Watch our educational content, quiz creation guides, and fun videos on Sporcle TV.

Show Comments

Extras

Top Quizzes Today


Score Distribution

Paid Content

Your Account Isn't Verified!

In order to create a playlist on Sporcle, you need to verify the email address you used during registration. Go to your Sporcle Settings to finish the process.

Report this User

Report this user for behavior that violates our Community Guidelines.

Details: